Haz tu lo mismo

I tiakina i:
Ngā taipitopito rārangi puna kōrero
Kaituhi rangatōpū: Arzobispado de Santiago. Vicaría de la Solidaridad (Author)
Hōputu: Pukapuka
Reo:Pāniora
I whakaputaina: Santiago Ediciones Vicaría de la Solidaridad 1978
Putanga:1a. ed
Rangatū:Reflexión, 8
Ngā marau:
Ngā Tūtohu: Tāpirihia he Tūtohu
Kāore He Tūtohu, Me noho koe te mea tuatahi ki te tūtohu i tēnei pūkete!

MARC

LEADER 00000cam a2200000 a 4500
001 UCD0660
003 CL-VaPUC
008 151204e19780000cl |||||||||||||||||spa|d
082 0 4 |a 248  |b ARZ  |2 21 
110 2 |a Arzobispado de Santiago. Vicaría de la Solidaridad  |e author  |9 583619 
245 1 0 |a Haz tu lo mismo 
250 |a 1a. ed 
300 |a 61 p 
942 |c BK 
945 |d 20151204 12:43:00  |a gsalatino 
260 |a Santiago  |b Ediciones Vicaría de la Solidaridad  |c 1978 
650 7 |a SOLIDARIDAD SOCIAL  |2 CL-VaPUC  |9 351073 
650 0 |a Espiritualidad   |9 267331 
650 0 |a Valores  |9 309628 
650 7 |a CARIDAD  |2 CL-VaPUC  |9 307339 
583 |a last modification  |c 20151204 12:43:00  |k Rodrigo Vera 
490 0 |a Reflexión, 8 
999 |c 362123  |d 362121 
952 |0 0  |1 0  |3 erb  |4 0  |6 248_000000000000000_ARZ_1978  |7 0  |8 P  |9 473001  |a BIBTEO  |b BIBTES  |c TEO_FTES  |i 5272866  |o 248 ARZ 1978  |p 5272866  |r 2024-01-18  |w 2019-11-24  |y BK  |z Catalogado en:20151204  |k ICR